Southville International School and Colleges
Your cart is empty.
  • Cart
  • Lists
    Public lists Eva Luna New books Lux_list list_1
    Your lists Log in to create your own lists
  • Log in to your account
  • Your cookies
  • Search history
Southville International School and Colleges
  • Advanced search
  • Recent comments
  • Most popular
  • Libraries

Log in to your account

Log in with GOOGLE


If you do not have an external account, but do have a local account, you can still log in:

  1. Home
  2. MARC view: Making friends :
Normal view MARC view ISBD view

Making friends : (Record no. 10288)

[ view plain ]
MARC details
000 -LEADER
fixed length control field 00618nam a22002057a 4500
003 - CONTROL NUMBER IDENTIFIER
control field OSt
005 - DATE AND TIME OF LATEST TRANSACTION
control field 20140310182204.0
008 - FIXED-LENGTH DATA ELEMENTS--GENERAL INFORMATION
fixed length control field 130903t xxu||||| |||| 00| 0 eng d
020 ## - INTERNATIONAL STANDARD BOOK NUMBER
International Standard Book Number 981001953X
050 ## - LIBRARY OF CONGRESS CALL NUMBER
Classification number BJ 1533.F8
Item number .M38 1990
082 ## - DEWEY DECIMAL CLASSIFICATION NUMBER
Classification number HS 302.3
Item number M437 1990
100 ## - MAIN ENTRY--PERSONAL NAME
Personal name Matthews, Andrew
9 (RLIN) 16378
245 ## - TITLE STATEMENT
Title Making friends :
Remainder of title a guide to getting along with people /
Statement of responsibility, etc Andrew Matthews.
260 ## - PUBLICATION, DISTRIBUTION, ETC. (IMPRINT)
Place of publication, distribution, etc Singapore :
Name of publisher, distributor, etc Media Masters,
Date of publication, distribution, etc c1990.
300 ## - PHYSICAL DESCRIPTION
Extent 144 p. :
Other physical details ill. ;
Dimensions 24 cm.
651 ## - SUBJECT ADDED ENTRY--GEOGRAPHIC NAME
Geographic name Friendship
9 (RLIN) 16379
651 ## - SUBJECT ADDED ENTRY--GEOGRAPHIC NAME
Geographic name Interpersonal relations.
9 (RLIN) 16380
942 ## - ADDED ENTRY ELEMENTS (KOHA)
Source of classification or shelving scheme Library of Congress Classification
Koha item type
Holdings
Withdrawn status Lost status Source of classification or shelving scheme Damaged status Home library Current library Shelving location Date acquired Total Checkouts Total Renewals Full call number Barcode Date last seen Date checked out Copy number Price effective from Koha item type
    Library of Congress Classification   Luxembourg Library Luxembourg Library High School Section 09/03/2013 3 5 BJ 1533.F8 .M38 2008 19239 11/29/2023 10/25/2023 1 09/03/2013 Books

Making friends :

APA

Matthews A., . (1990). Making friends. Singapore: Media Masters.

Chicago

Matthews Andrew, . 1990. Making friends. Singapore: Media Masters.

Harvard

Matthews A., . (1990). Making friends. Singapore: Media Masters.

MLA

Matthews Andrew, . Making friends. Singapore: Media Masters. 1990.

  • Place hold
  • Print
  • Cite
  • Add to your cart (remove)
  • Save record
    BIBTEX Dublin Core MARCXML MARC (non-Unicode/MARC-8) MARC (Unicode/UTF-8) MARC (Unicode/UTF-8, Standard) MODS (XML) RIS
  • More searches
    Search for this title in:
    Other Libraries (WorldCat) Other Databases (Google Scholar) Online Stores (Bookfinder.com) Open Library (openlibrary.org)

Exporting to Dublin Core...

SOUTHVILLE LIBRARY

Southville International School and Colleges Library

1281 Tropical Ave. Cor. Luxembourg St., BF Homes International, Las Pinas City

Tel. No. 8256374 / 252358 Loc. 117/146

Powered by Koha